000 00349nam a2200133Ia 4500
008 150201s2014 xx 000 0 und d
082 _a617.692
_bP2013Z
100 _aZARB ,GEORGE
245 _aPROSTHODONTICS :TREATMENT FOR EDENTULOUS PATIENTS
250 _a12TH
260 _bELSEVIER PUBLICATION
650 _aPROSTHODONTICS
942 _2ddc
_cBK
_03
999 _c4873
_d4873